• 首页
  • 本馆介绍
  • 公告通知
  • 最新文献
  • 馆藏检索
  • 电子资源
  • 读者导购
  • 参考咨询
  • 我的图书馆
  • 登录
  • 详细信息显示
  • 放入我的书架
  • 预约/预借图书
  • 作者相关作品
  • 分类相关作品
  • 丛书相关作品
  • 出版社相关作品

书目信息

  • 表格格式
  • 工作单格式
  • 卡片格式
题名:
明式家具研究
    
 
作者: 王世襄 编著 ;袁荃猷 制图
分册:  
出版信息: 北京   三联书店  2008
页数: 12,453页
开本: 24cm
丛书名:
单 册:
中图分类: TS666.204.8
科图分类:
主题词: 家具--研究--中国--明代 , 家具
电子资源:
ISBN: 978-7-108-02726-9
000 00950nam0 2200253 45
001 1130687859
005 20110310090141.25
010    @a978-7-108-02726-9@b精装@dCNY96.00
100    @a20110123e20102008em y0chiy50 ea
101 0  @achi
102    @aCN@b110000
105    @aa z 000yy
106    @ar
200 1  @a明式家具研究@AMing Shi Jia Ju Yan Jiu@f王世襄编著@FWang Shi Xiang Bian Zhu@g袁荃猷制图
210    @a北京@c三联书店@d2008@h2010
215    @a12,453页@c照片,图@d24cm
330    @a本书汇集了作者四十余年的研究积累和研究精华,创建了明代家具研究体系,系统客观地展示了明式家具的成就,并从人文、历史、艺术、工艺、结构、鉴赏等角度完成了对明式家具的基础研究。
606 0  @a家具@x研究@y中国@z明代
606 0  @a家具
690    @aTS666.204.8@v4
701  0 @a王世襄@AWang Shi Xiang@f(1914~2009)@4编著
702  0 @a袁荃猷@AYuan Quan You@c(女,@f1920~2003)@4制图
801  0 @aCN@bTANGWEI@c20110310
905    @b0531289-90@dTS666.204.8@e48@f2
    
    明式家具研究/王世襄编著/袁荃猷制图.-北京:三联书店,2008(2010)
    12,453页:照片,图;24cm
    
    
    ISBN 978-7-108-02726-9(精装):CNY96.00
    本书汇集了作者四十余年的研究积累和研究精华,创建了明代家具研究体系,系统客观地展示了明式家具的成就,并从人文、历史、艺术、工艺、结构、鉴赏等角度完成了对明式家具的基础研究。
●
相关链接 在E读中查询图书 在五车中查询图书 在当当中查询图书 在豆瓣中查询图书


正题名:明式家具研究     索取号:TS666.204.8/48         预约/预借

序号 登录号 条形码 馆藏地/架位号 状态 备注
1 0531289   205312892   第二样本阅览室/ [索取号:TS666.204.8/48] 在馆    
2 0531290   205312909   第三借阅区/ [索取号:TS666.204.8/48] 在馆    
唐山师范学院图书馆 欢迎您!
大连网信软件有限公司© 版权所有